000 00444nam a2200169 a 4500
001 0000-8506
003 ELIB.Books
008 110520 1982
035 _a(ELIB.Books)0000-8651
082 _a277.3
_bBra
100 _aBrackney, William H.
245 _aThe Travel Book
260 _bU.S.A: The American baptist Publication Society
_c1982
650 _aChurch History
942 _2ddc
_cBK
998 _cbat
_e2011-05-20
999 _c8506
_d8506